Rekreace a ochrana přírody - ruku v ruce : sborník příspěvků ... = Public Recreation and Landscape Protection - Hand in Hand : conference proceeding ...
| Korporativní autor: | Mendelova univerzita. Ústav tvorby a ochrany krajiny |
|---|---|
| Další autoři: | Rekreace a ochrana přírody - ruku v ruce (konference), Česká společnost krajinných inženýrů |
| Jazyk: | Slovenština Čeština Angličtina |
| Vydáno: |
Brno : Mendelova univerzita, [2010]- |
| Témata: | |
| Externí odkaz: |
Digitalizovaný dokument
|
| Fyzický popis: |
^^^svazků : ilustrace, mapy ; 21-30 cm |
| Odebírané svazky: |
2011-2025- |
| Language note: |
Částečně anglický a slovenský text, v některých ročnících pouze anglický text |
| LEADER | 07415cas a2201201 i 4500 | ||
|---|---|---|---|
| 001 | nkc20122368200 | ||
| 003 | CZ PrNK | ||
| 005 | 20251203132757.0 | ||
| 007 | ta | ||
| 008 | 120515c20109999xr ar 1 b0cze | ||
| 015 | |a cnb002368200 |z cnb002105212 |z cnb002189594 | ||
| 022 | |a 2336-6311 | ||
| 035 | |a (OCoLC)796019997 | ||
| 040 | |a ABA001 |b cze |d BOA001 |d OLA001 |e rda | ||
| 041 | 0 | |a cze |a eng |a slo | |
| 072 | 7 | |a 502 |x Životní prostředí a jeho ochrana |2 Konspekt |9 2 | |
| 080 | |a 502.21(1-751) |2 MRF | ||
| 080 | |a 796.5 |2 MRF | ||
| 080 | |a 502.17 |2 MRF | ||
| 080 | |a (062.534) |2 MRF | ||
| 111 | 2 | |a Rekreace a ochrana přírody - ruku v ruce (konference) |7 uzp2011643997 |4 aut | |
| 210 | 1 | |a Public recreat. landsc. prot. |b (Print) | |
| 222 | 0 | |a Public recreation and landscape protection ... |b (Print) | |
| 245 | 1 | 0 | |a Rekreace a ochrana přírody - ruku v ruce : |b sborník příspěvků ... = Public Recreation and Landscape Protection - Hand in Hand : conference proceeding ... |
| 246 | 3 | |a Public Recreation and Landscape Protection - with Nature Hand in Hand ... | |
| 246 | 3 | |a Public Recreation and Landscape Protection - with Sense Hand in Hand ... | |
| 246 | 3 | |a Public Recreation and Landscape Protection - with Environment Hand in Hand... | |
| 246 | 3 | |a Public Recreation and Landscape Protection - with respect hand in hand... | |
| 246 | 3 | 1 | |a Public Recreation and Landscape Protection - Hand in Hand |
| 264 | 1 | |a Brno : |b Mendelova univerzita, |c [2010]- | |
| 300 | |a ^^^svazků : |b ilustrace, mapy ; |c 21-30 cm | ||
| 310 | |a 1x ročně | ||
| 336 | |a text |b txt |2 rdacontent | ||
| 337 | |a bez média |b n |2 rdamedia | ||
| 338 | |a svazek |b nc |2 rdacarrier | ||
| 362 | 0 | |a 2010- | |
| 500 | |a Součástí podnázvu je datum a místo konání, od ročníku 2022 též pořadí akce | ||
| 500 | |a Název i podnázvy se mírně mění | ||
| 500 | |a Nad názvem: Ústav tvorby a ochrany krajiny LDF Mendelovy univerzity v Brně, v některých ročnících též: Czech Society of Landscape Engineers - ČSSI, z.s. (údaj se mění) | ||
| 500 | |a Jednotlivé svazky mají ISBN | ||
| 541 | |c pv-r | ||
| 546 | |a Částečně anglický a slovenský text, v některých ročnících pouze anglický text | ||
| 541 | |c pv-cdr-r | ||
| 588 | |a Popsáno podle: 2012 |5 CZ-PrNK | ||
| 500 | |a Dostupné též v digitální podobě v aplikaci Kramerius | ||
| 650 | 0 | 7 | |a chráněná území |7 ph114251 |2 czenas |
| 650 | 0 | 7 | |a rekreace v přírodě |7 ph135340 |2 czenas |
| 650 | 0 | 7 | |a ochrana přírody |7 ph115552 |2 czenas |
| 650 | 0 | 9 | |a protected areas |2 eczenas |
| 650 | 0 | 9 | |a outdoor recreation |2 eczenas |
| 650 | 0 | 9 | |a nature conservation |2 eczenas |
| 655 | 7 | |a sborníky konferencí |7 fd133333 |2 czenas | |
| 655 | 9 | |a proceedings of conferences |2 eczenas | |
| 710 | 2 | |a Mendelova univerzita. |b Ústav tvorby a ochrany krajiny |7 mzk2010576393 |4 orm | |
| 710 | 2 | |a Česká společnost krajinných inženýrů |7 kn20021011011 |4 orm | |
| 776 | 0 | |t Public recreation and landscape protection ... (On-line) |x 2336-632X | |
| 856 | 4 | 1 | |u http://www.digitalniknihovna.cz/mzk/uuid/uuid:bcefd350-c566-11e8-9480-5ef3fc9ae867 |y Digitalizovaný dokument |x NDK |
| 902 | |a 978-80-7375-398-6 |q (2010 ; |q brožováno) | ||
| 902 | |a 978-80-7375-507-2 |q (2011 ; |q brožováno) | ||
| 902 | |a 978-80-7375-611-6 |q (2012 ; |q brožováno) | ||
| 902 | |a 978-80-7375-746-5 |q (2013 ; |q brožováno) | ||
| 902 | |a 978-80-7375-952-0 |q (2014 ; |q brožováno) | ||
| 902 | |a 978-80-7509-251-9 |q (2015 ; |q brožováno) | ||
| 902 | |a 978-80-7509-408-7 |q (2016 ; |q brožováno) | ||
| 902 | |a 978-80-7509-487-2 |q (2017 ; |q brožováno) | ||
| 902 | |a 978-80-7509-550-3 |q (2018 ; |q brožováno) | ||
| 902 | |a 978-80-7509-659-3 |q (2019 ; |q brožováno) | ||
| 902 | |a 978-80-7509-715-6 |q (2020 ; |q brožováno) | ||
| 902 | |a 978-80-7509-779-8 |q (2021 ; |q brožováno) | ||
| 902 | |a 978-80-7509-830-6 |q (2022 ; |q brožováno) | ||
| 902 | |a 978-80-7509-905-1 |q (2023 ; |q brožováno) | ||
| 902 | |a 978-80-7509-962-4 |q (2024 ; |q brožováno) | ||
| 902 | |a 978-80-7701-026-9 |q (2025 ; |q brožováno) | ||
| 910 | 2 | |a BOA001 |b 4-1268.157 |b CDR-1284.690 |s 2011-2025- | |
| 920 | |a 001151851 | ||
| 928 | 9 | |a Mendel University in Brno | |
| 990 | |a SE | ||
| 995 | |a 01 | ||
| 991 | |b 202205 | ||
| 996 | 6 | |b 2610437538 |c 4-1268.157 |d 2010 |y 2010 |l MZK |r Sklad / do 1 hodiny |n 8 |p p.v. |w 001185668 |u 000020 |a 1 |e BOA001 |j MZK50 |s P | |
| 996 | 6 | |b 2610480749 |c 4-1268.157 |d 2011 |y 2011 |l MZK |r Sklad / do 1 hodiny |n 3 |p p.v. |w 001185668 |u 000010 |a 1 |e BOA001 |j MZK50 |s P | |
| 996 | 6 | |b 2610517377 |c 4-1268.157 |d 2012 |v 2012 |y 2012 |l MZK |r Sklad / do 1 hodiny |n 3 |p p.v. |w 001185668 |u 000030 |a 1 |e BOA001 |j MZK50 |s P | |
| 996 | 3 | |b 2610551285 |c CDR-1284.690 |d 2013 |v 2013 |y 2013 |l Stud. periodik/2.patro |r Sklad / do 1 hodiny |n 1 |p cdr-p.v. |w 001185668 |u 000040 |a 1 |e BOA001 |j MZK50 |s N | |
| 996 | 6 | |b 2610551826 |c 4-1268.157 |d 2013 |v 2013 |y 2013 |l MZK |r Sklad / do 1 hodiny |n 2 |p p.v. |w 001185668 |u 000050 |a 1 |e BOA001 |j MZK50 |s P | |
| 996 | 6 | |b 2610589867 |c 4-1268.157 |d 2014 |v 2014 |y 2014 |l MZK |r Sklad / do 1 hodiny |n 4 |p p.v. |w 001185668 |u 000070 |a 1 |e BOA001 |j MZK50 |s P | |
| 996 | 6 | |b 2610630873 |c 4-1268.157 |d 2015 |v 2015 |y 2015 |l MZK |r Sklad / do 1 hodiny |n 1 |p p.v. ; nelze digi. |w 001185668 |u 000080 |a 1 |e BOA001 |j MZK50 |s P | |
| 996 | 6 | |b 2610667900 |c 4-1268.157 |d 2016 |v 2016 |y 2016 |l MZK |r Sklad / do 1 hodiny |n 4 |p p.v. |w 001185668 |u 000090 |a 1 |e BOA001 |j MZK50 |s P | |
| 996 | 6 | |b 2610708142 |c 4-1268.157 |d 2017 |v 2017 |y 2017 |l MZK |r Sklad / do 1 hodiny |n 3 |p p.v. |w 001185668 |u 000100 |a 1 |e BOA001 |j MZK50 |s P | |
| 996 | 6 | |b 2610743275 |c 4-1268.157 |d 2018 |v 2018 |y 2018 |l MZK |r Sklad / do 1 hodiny |n 0 |p p.v. |w 001185668 |u 000110 |a 1 |e BOA001 |j MZK50 |s P | |
| 996 | 6 | |b 2610766159 |c 4-1268.157 |d 2018 |v 2018 |y 2018 |l MZK |r Sklad / do 1 hodiny |n 0 |p p.v. |w 001185668 |u 000120 |a 1 |e BOA001 |j MZK50 |s P | |
| 996 | 6 | |b 2610782500 |c 4-1268.157 |d 2019 |v 2019 |y 2019 |l MZK |r Sklad / do 1 hodiny |n 0 |p p.v. |w 001185668 |u 000130 |a 1 |e BOA001 |j MZK50 |s P | |
| 996 | 6 | |b 2610788014 |c 4-1268.157 |d 2019 |v 2019 |y 2019 |l MZK |r Sklad / do 1 hodiny |n 0 |p p.v. |w 001185668 |u 000140 |a 1 |e BOA001 |j MZK50 |s P | |
| 996 | 6 | |b 2610832582 |c 4-1268.157 |d 2020 |v 2020 |y 2020 |l MZK |r Sklad / do 1 hodiny |n 0 |p p.v. |w 001185668 |u 000160 |a 1 |e BOA001 |j MZK50 |s P | |
| 996 | 6 | |b 2610832583 |c 4-1268.157 |d 2020 |v 2020 |y 2020 |l MZK |r Sklad / do 1 hodiny |n 0 |p p.v. |w 001185668 |u 000150 |a 1 |e BOA001 |j MZK50 |s P | |
| 996 | 6 | |b 2610873310 |c 4-1268.157 |d 2021 |v 2021 |y 2021 |l MZK |r Sklad / do 1 hodiny |n 1 |p p.v. |w 001185668 |u 000170 |a 1 |e BOA001 |j MZK50 |s P | |
| 996 | 6 | |b 2610873478 |c 4-1268.157 |d 2021 |v 2021 |y 2021 |l MZK |r Sklad / do 1 hodiny |n 0 |p p.v. |w 001185668 |u 000180 |a 1 |e BOA001 |j MZK50 |s P | |
| 996 | 6 | |b 2610899914 |c 4-1268.157 |d 2022 |v 2022 |y 2022 |l MZK |r Sklad / do 1 hodiny |n 0 |p p.v. |w 001185668 |u 000190 |a 1 |e BOA001 |j MZK50 |s P | |
| 996 | 6 | |b 2610899929 |c 4-1268.157 |d 2022 |v 2022 |y 2022 |l MZK |r Sklad / do 1 hodiny |n 0 |p p.v. |w 001185668 |u 000200 |a 1 |e BOA001 |j MZK50 |s P | |
| 996 | 6 | |b 2610940619 |c 4-1268.157 |d 2023 |v 2023 |y 2023 |l MZK |r Sklad / do 1 hodiny |n 0 |p p.v. |w 001185668 |u 000210 |a 1 |e BOA001 |j MZK50 |s P | |
| 996 | 6 | |b 2610944212 |c 4-1268.157 |d 2023 |v 2023 |y 2023 |l MZK |r Sklad / do 1 hodiny |n 0 |p p.v. |w 001185668 |u 000220 |a 1 |e BOA001 |j MZK50 |s P | |
| 996 | 6 | |b 2610968644 |c 4-1268.157 |d 2024 |y 2024 |l MZK |r Sklad / do 1 hodiny |n 0 |p p.v. |w 001185668 |u 000230 |a 1 |e BOA001 |j MZK50 |s P | |
| 996 | 6 | |b 2610968833 |c 4-1268.157 |d 2024 |v 15 |y 2024 |l MZK |r Sklad / do 1 hodiny |n 0 |p p.v. |w 001185668 |u 000240 |a 1 |e BOA001 |j MZK50 |s P | |
| 996 | 6 | |b 2611019069 |c 4-1268.157 |d 2025 |v 16 |y 2025 |l MZK |r Sklad / do 1 hodiny |n 0 |p p.v. |w 001185668 |u 000250 |a 1 |e BOA001 |j MZK50 |s P | |
English
Čeština 